000 00509nam a2200193Ia 4500
008 101110s9999 xx 000 0 und d
041 _aENGLISH
082 _bSR24016
100 _aKale N. G. and Ahmed M.
245 _aBusiness system and the society (FYBCOM)
365 _b110
520 _aCommerce
546 _aENGLISH
630 _aBusiness system and the society (FYBCOM)
650 _aCommerce
655 _aCommerce
730 _aBusiness system and the society (FYBCOM)
942 _cBOOK
999 _c816697
_d816694